Laser processing and analysis of materials

Enregistré dans:
Détails bibliographiques
Auteur principal: Duley, Walter W (Auteur)
Format: Livre
Langue:anglais
Publié: New York : Plenum Press, 1983
Tags: Ajouter un tag
Pas de tags, Soyez le premier à ajouter un tag!

MARC

LEADER 00000nam a22000003a 4500
001 stu125594
005 20150617225904.5
008 060906s1983----xxu-----------------eng-d
040 |a STU  |b slo 
041 0 |a eng 
044 |a xxu 
080 |a 621.375.826  |7 stu_us_auth*stu9916 
080 |a 535  |7 stu_us_auth*stu16839 
080 |a 374  |7 stu_us_auth*stu9093 
080 |a 543.4 
100 1 |a Duley, Walter W  |4 aut 
245 1 |a Laser processing and analysis of materials 
260 |a New York :  |b Plenum Press,  |c 1983 
300 |a 13, 463 s 
996 |b E56526  |c E*56526  |l EE11  |s P  |a 0  |w stu125594_0001